Start Your Retail Career : (Record no. 594030)

MARC details
000 -LEADER
fixed length control field 00467nam a2200181 a 4500
008 - FIXED-LENGTH DATA ELEMENTS--GENERAL INFORMATION
fixed length control field 251026s2008##################000#0#eng##
020 ## - INTERNATIONAL STANDARD BOOK NUMBER
ISBN 9781599181646
082 04 - DEWEY DECIMAL CLASSIFICATION NUMBER
Classification number 658.870023
Item number OMA
100 1# - MAIN ENTRY--AUTHOR NAME
Personal name O'Malley, Stephanie,
245 10 - TITLE STATEMENT
Title Start Your Retail Career :
260 ## - PUBLICATION, DISTRIBUTION, ETC. (IMPRINT)
Name of publisher Entrepreneur Press,
Year of publication 2008.
650 #0 - SUBJECT ADDED ENTRY--TOPICAL TERM
Topical Term Business & Economics.
942 ## - ADDED ENTRY ELEMENTS (KOHA)
Koha item type English Books
Holdings
Withdrawn status Lost status Damaged status Not for loan Home library Current library Shelving location Date acquired Full call number Accession Number Price effective from Koha item type
        Anna Centenary Library Anna Centenary Library 6TH FLOOR, B WING 26.10.2025 658.870023 OMA 405446 26.10.2025 English Books

Find us on the map